Statistics for California State University Campuses

Click here to take the quiz!

General Stats

  • This quiz has been taken 270 times
  • The average score is 14 of 23

Answer Stats

Year FoundedCampus% Correct
1897San Diego
94%
1947Los Angeles
90%
1899San Francisco
90%
1947Sacramento
85%
1857San Jose
85%
1911Fresno
84%
1949Long Beach
73%
1965Bakersfield
70%
1957Fullerton
67%
1901San Luis Obispo
67%
1965San Bernardino
63%
1887Chico
62%
1958Northridge
60%
1938Pomona
58%
1913Humboldt
54%
1957East Bay
50%
2002Channel Islands
44%
1957Stanislaus
44%
1960Sonoma
41%
1960Dominguez Hills
39%
1994Monterey Bay
36%
1988San Marcos
36%
1929Maritime
31%

Score Distribution

Percentile by Number Answered

Percent of People with Each Score

Your Score History

You have not taken this quiz